| 000 | 00769nam a2200253 i 4500 | ||
|---|---|---|---|
| 001 | 6195 | ||
| 003 | ES-MaACL | ||
| 005 | 20230906144828.0 | ||
| 007 | t| | ||
| 008 | 890825s1987 xxk ||||1| eng d | ||
| 020 | _a0-521-30142-4 | ||
| 080 | _a1 Gassendi, P. | ||
| 100 | 1 |
_aJoy, Lynn Sumida. _967071 |
|
| 245 | 1 | 0 |
_aGassendi the atomist _b: advocate of history in an age of science / _cLynn Sumida Joy. |
| 250 | _a1st ed. | ||
| 260 |
_aCambridge : _bUniversity Press, _c1987. |
||
| 300 |
_aXIII, 311 p. ; _c24 cm. |
||
| 490 | 1 | _aIdeas in context | |
| 500 | _aIndices. | ||
| 600 | 1 | 4 |
_aGassendi, Pierre- _xCrÃtica e interpretación. _955904 |
| 830 | 0 |
_aIdeas in context _9227776 |
|
| 852 |
_aES-MaACL _jL-13296 _bR.115880 _z. - cart. |
||
| 999 |
_c6195 _d6195 |
||